000
00339nam a2200145Ia 4500
008
191201s1995 xx 000 0 und d
082
_a
746.13
_b
JHT
100
_a
JOHNSON, Alan
245
0
_a
Theory of Coloration of Textiles
250
_a
Rep.
260
_a
Londan
_b
SDC
_c
1995
300
_a
552
650
_a
B.Tech(TE)
942
_2
ddc
_c
BK
999
_c
3966
_d
3966